| 000 | 01072nam0a22002651 4500 | ||
|---|---|---|---|
| 001 | rc\540025 | ||
| 005 | 20030616165755.0 | ||
| 035 | _a(NLR Aleph) 005776993 | ||
| 090 |
_a5085250 _c5085250 |
||
| 100 | _a20030616d1987 u |0rusy50 ca | ||
| 101 | 0 | _arus | |
| 102 | _aRU | ||
| 105 | _aa ||||||||| | ||
| 200 | 1 |
_aПрирода торфа и эффективность удобрений на его основе _fА.В. Тишкович, В.Г. Шныриков, В.С. Зубовский _gПод ред. И.И. Лиштвана _gАН БССР, Ин-т торфа |
|
| 210 |
_aМинск _cНаука и техника _d1987 |
||
| 215 |
_a139, [1] с. _cил. _d20 |
||
| 320 | _aБиблиогр.: с. 134-138 | ||
| 700 | 1 |
_aТишкович _bА. В. _gАнатолий Васильевич |
|
| 701 | 1 |
_aШныриков _bВ. Г. _gВасилий Григорьевич |
|
| 701 | 1 |
_aЗубовский _bВ. С. _gВладимир Степанович |
|
| 801 | 0 |
_aRU _bNLR _gpsbo |
|
| 801 | 1 |
_aRU _bELAR _2rusmarc |
|
| 852 |
_aNLR _j87-3/10056 |
||
| 942 | _cBOOK | ||
| 980 | _aNB | ||